| Tag |
First Indicator |
Second Indicator |
Subfields |
| LEADER |
00000cam a2200000 a 4500 |
| 001 |
in00000008959 |
| 005 |
20151007051441.0 |
| 008 |
860718s1987 enk b 00110 eng |
| 010 |
|
|
|a 86016826
|
| 020 |
|
|
|a 0709915578 :
|c $32.00 (U.S.)
|
| 035 |
|
|
|a (OCoLC)14002728
|
| 035 |
|
|
|9 AAA3028AM
|
| 040 |
|
|
|a DLC
|c DLC
|d m/c
|d TXA
|d UtOrBLW
|
| 049 |
|
|
|a TXAM
|c [A12628829]
|
| 050 |
0 |
0 |
|a HD5710.8
|b .K56 1987
|
| 082 |
0 |
|
|a 331.12/042
|2 19
|
| 100 |
1 |
|
|a Kinsey, B. H.
|
| 245 |
1 |
0 |
|a Creating rural employment /
|c B.H. Kinsey.
|
| 264 |
|
1 |
|a London ;
|a Wolfeboro, N.H. :
|b Croom Helm,
|c [1987]
|
| 264 |
|
4 |
|c ©1987
|
| 300 |
|
|
|a 116 pages ;
|c 22 cm.
|
| 336 |
|
|
|a text
|b txt
|2 rdacontent
|
| 337 |
|
|
|a unmediated
|b n
|2 rdamedia
|
| 338 |
|
|
|a volume
|b nc
|2 rdacarrier
|
| 504 |
|
|
|a Bibliography: pages 107-112.
|
| 500 |
|
|
|a Includes index.
|
| 650 |
|
0 |
|a Manpower policy, Rural.
|
| 650 |
|
0 |
|a Public service employment.
|
| 999 |
|
|
|a MARS
|
| 999 |
f |
f |
|s f5cfecf3-49a9-3b7d-a021-1c4b572d828d
|i 2a685d9f-c72e-3ef4-8d08-cdd06988e29a
|t 0
|
| 952 |
f |
f |
|p ric
|a Texas A&M University
|b Rellis Campus
|c Joint Library Facility
|d Remote Storage
|t 0
|e HD5710.8 .K56 1987
|h Library of Congress classification
|i unmediated -- volume
|m A14812628829
|
| 998 |
f |
f |
|a HD5710.8 .K56 1987
|t 0
|l Remote Storage
|